| 000 | 00549nam a22001697a 4500 | ||
|---|---|---|---|
| 003 | OSt | ||
| 005 | 20131126180243.0 | ||
| 008 | 130619s1990 f ||||| |||| 00| 0 fre d | ||
| 040 | _cCDMR | ||
| 245 |
_aUne société sans papier ? _b: nouvelles technologies de l'information et droit de la preuve |
||
| 260 |
_aParis _bLa Documentation Française _c1990 |
||
| 300 | _a254 p. | ||
| 490 | _aNotes et Études Documentaires | ||
| 650 | 0 | 4 |
_93364 _aTecnologia de la informació _xDret i legislació _zFrança |
| 650 | 0 | 4 |
_94396 _aDret i ètica |
| 942 |
_2udc _cMON |
||
| 999 |
_c6500 _d6500 |
||